Normal view
MARC view
- Svelto, Orazio
Entry Personal Name
001 - CONTROL NUMBER
- control field: 83291
003 - CONTROL NUMBER IDENTIFIER
- control field: NUST
005 - DATE AND TIME OF LATEST TRANSACTION
- control field: 20211020154748.0
008 - FIXED-LENGTH DATA ELEMENTS
- fixed length control field: 211020|| aca||aabn | a|a d
040 ## - CATALOGING SOURCE
- Original cataloging agency: NUST
- Transcribing agency: NUST
100 ## - HEADING--PERSONAL NAME
- Personal name: Svelto, Orazio
670 ## - SOURCE DATA FOUND
- Source citation: Work cat.: (NUST)32101: Svelto, Orazio., Principles of Lasers, 2009.
